| 000 | 00389nam a2200145Ia 4500 | ||
|---|---|---|---|
| 008 | 260319s9999 xx 000 0 und d | ||
| 020 | _a9.7893553232e+012 | ||
| 082 |
_a005.133. _bGOT/S |
||
| 100 | _aGottfried,Byron | ||
| 245 | 0 | _aScham's Out Lines Programming with C | |
| 250 | _a2nd Edition | ||
| 260 |
_aChennai _bMcgraw Hill Education Pvt Ltd _c2025 |
||
| 300 | _a532p. | ||
| 942 | _cBK | ||
| 999 |
_c51570 _d51570 |
||